000 00843nam a2200253Ia 4500
003 OSt
005 20220923212732.0
006 a|||||r|||| 00| 0
007 ta
008 220922b |||||||| |||| 00| 0 hin d
024 _a155,683
037 _cTextual
040 _aARTS
_cARTS
_bhin
041 _2hin
_ahin
082 _aO1520v5,1:g, L4
100 _aपवार, इंदु
245 0 _aहिन्दी और मराठी का श्रृंगार काल
246 _aHindī aur marāṭhī kā shrṛuangār kāla
260 _aकानपुर
_b ग्रंथम रामबाग
_c1974
300 _a456 पृ.
_ccm.
650 _aहिन्दी साहित्य
_9156264
942 _hO1520v5,1:g, L4
_cTEXL
_2CC
999 _c311151
_d311151